[Event "Junior Online 4NCL Division 2"]
[Site "online"]
[Date "2020.04.16"]
[Round "1.81"]
[White "Petkov, Anton"]
[Black "Volovich, Julia"]
[Result "1-0"]
[WhiteElo "1793"]
[BlackElo "1892"]
[PlyCount "85"]
[EventDate "2020.04.16"]
[WhiteTeam "TSK Tigers A"]
[BlackTeam "Cambridge Chess & Go A"]

1. e4 e6 2. d4 d5 3. e5 c5 4. c3 Nc6 5. Nf3 Qb6 6. Bd3 Bd7 7. O-O cxd4 8. cxd4
Nxd4 9. Nbd2 Nc6 10. Nb3 Nge7 11. Be3 Qc7 12. Rc1 Ng6 13. Bxg6 hxg6 14. Nbd4
Be7 15. a3 a5 16. Qd2 Rc8 17. Rc2 Qb8 18. Rfc1 Nxd4 19. Rxc8+ Bxc8 20. Bxd4 a4
21. Qc3 O-O 22. Qc7 Qxc7 23. Rxc7 Re8 24. Nd2 b5 25. Nb1 f6 26. Nc3 b4 27. axb4
Bxb4 28. exf6 Bxc3 29. Rxg7+ Kh8 30. f7 Bxd4 31. fxe8=Q+ Kxg7 32. Qxc8 e5 33.
Qd7+ Kf6 34. Qxa4 Bxb2 35. Qc6+ Kf5 36. Qxd5 Bd4 37. h3 Kf4 38. Qf7+ Kg5 39.
h4+ Kxh4 40. Qxg6 Bxf2+ 41. Kxf2 e4 42. g3+ Kh3 43. Qh5# 1-0

[Event "Junior Online 4NCL Division 2"]
[Site "online"]
[Date "2020.04.16"]
[Round "1.82"]
[White "Linton, Alexander"]
[Black "Wu, Yuxuan"]
[Result "1/2-1/2"]
[WhiteElo "1607"]
[BlackElo "1523"]
[PlyCount "113"]
[EventDate "2020.04.16"]
[WhiteTeam "Cambridge Chess & Go A"]
[BlackTeam "TSK Tigers A"]

1. e4 c5 2. Nf3 d6 3. d4 cxd4 4. Nxd4 Nf6 5. Nc3 a6 6. Be3 e5 7. Nb3 Be7 8. f3
Be6 9. Qd2 Qc7 10. Nd5 Nxd5 11. exd5 Bf5 12. Bd3 Bxd3 13. Qxd3 Nd7 14. O-O-O
Rc8 15. f4 f6 16. fxe5 Nxe5 17. Qe2 O-O 18. h4 Nc4 19. Bd4 Ne5 20. Bxe5 fxe5
21. g4 a5 22. g5 a4 23. Na1 Rf4 24. Rdf1 Rb4 25. a3 Rxh4 26. Rxh4 Bxg5+ 27. Kb1
Bxh4 28. Rh1 Bf6 29. Qe4 h6 30. Qg6 Qf7 31. Rxh6 Qxg6 32. Rxg6 Rc5 33. b3 Rxd5
34. bxa4 Rd1+ 35. Kb2 e4+ 36. c3 e3 37. Rg2 Rd3 38. Rc2 g5 39. Nb3 g4 40. Nc1
Rd2 41. Ne2 Rxc2+ 42. Kxc2 Be5 43. Kd3 g3 44. Kxe3 Kf7 45. Kf3 Ke6 46. Nxg3
Bxg3 47. Kxg3 Kd5 48. Kf3 Kc4 49. Ke4 b6 50. Kf5 Kd5 51. Kf4 Kc4 52. Ke4 Kxc3
53. Kd5 Kb3 54. Kxd6 Kxa4 55. Kc6 b5 56. Kc5 Kxa3 57. Kxb5 1/2-1/2

[Event "Junior Online 4NCL Division 2"]
[Site "online"]
[Date "2020.04.16"]
[Round "1.83"]
[White "Swamy, Anshul"]
[Black "Volovich, Andrew"]
[Result "1-0"]
[WhiteElo "1472"]
[BlackElo "1480"]
[PlyCount "107"]
[EventDate "2020.04.16"]
[WhiteTeam "TSK Tigers A"]
[BlackTeam "Cambridge Chess & Go A"]

1. e4 e6 2. d4 d5 3. e5 c5 4. c3 Nc6 5. Nf3 cxd4 6. cxd4 Nh6 7. Be2 Qb6 8. O-O
Nf5 9. b3 Nfxd4 10. Nxd4 Nxd4 11. Be3 Nxe2+ 12. Qxe2 Qc7 13. Nd2 Qxe5 14. Qb5+
Bd7 15. Qxb7 Qb8 16. Qxb8+ Rxb8 17. Bxa7 Rb7 18. Be3 Be7 19. a4 Bf6 20. Ra2 Bc3
21. Rb1 d4 22. Ne4 dxe3 23. Nxc3 exf2+ 24. Kxf2 O-O 25. a5 Rc8 26. a6 Ra7 27.
Ne4 Rc6 28. Rba1 Bc8 29. b4 Raxa6 30. Rd2 f6 31. Rad1 Kf7 32. b5 Rc4 33. bxa6
Rxe4 34. a7 Ra4 35. Rd8 Rxa7 36. Rxc8 Ra2+ 37. Kg1 Ra7 38. Rcd8 Re7 39. R8d7
Ke8 40. Rd8+ Kf7 41. R1d7 e5 42. Rxe7+ Kxe7 43. Rh8 Ke6 44. Rxh7 e4 45. Kf2 e3+
46. Kxe3 Kf7 47. g4 Kg6 48. Rh8 Kf7 49. Rh3 Kg6 50. Rf3 Kf7 51. h4 g6 52. h5 g5
53. Rh3 Kg7 54. h6+ 1-0

[Event "Junior Online 4NCL Division 2"]
[Site "online"]
[Date "2020.04.16"]
[Round "1.84"]
[White "Yuan, Derek"]
[Black "Bagga, Khushi"]
[Result "1-0"]
[WhiteElo "1360"]
[BlackElo "1059"]
[PlyCount "95"]
[EventDate "2020.04.16"]
[WhiteTeam "Cambridge Chess & Go A"]
[BlackTeam "TSK Tigers A"]

1. e4 e5 2. Nf3 Nc6 3. Bb5 Nd4 4. Nxd4 exd4 5. O-O c6 6. Bc4 b5 7. Bb3 d5 8.
exd5 cxd5 9. Qf3 Nf6 10. Qe2+ Be6 11. Qxb5+ Bd7 12. Qd3 Bc5 13. Re1+ Be6 14.
Qb5+ Nd7 15. Bxd5 O-O 16. Bxa8 Qxa8 17. b3 a6 18. Qf1 Nf6 19. Bb2 h6 20. Na3
Ne4 21. Qd3 Bf5 22. Qf3 Bg6 23. d3 Nd2 24. Qf4 Bb4 25. Qxd4 f6 26. Qxb4 Nf3+
27. gxf3 Qxf3 28. Re3 Qc6 29. Qc4+ Qxc4 30. bxc4 Rb8 31. Bc3 Bf5 32. Rae1 Bd7
33. d4 Ba4 34. d5 Bd7 35. c5 Rc8 36. c6 Bg4 37. Re8+ Rxe8 38. Rxe8+ Kf7 39. Ra8
a5 40. c7 a4 41. c8=Q Bxc8 42. Rxc8 g6 43. Rc7+ Ke8 44. d6 Kd8 45. Rh7 h5 46.
Ba5+ Ke8 47. d7+ Kf8 48. d8=R# 1-0

[Event "Junior Online 4NCL Division 2"]
[Site "online"]
[Date "2020.04.16"]
[Round "1.85"]
[White "Volovich, Julia"]
[Black "Petkov, Anton"]
[Result "1-0"]
[WhiteElo "1892"]
[BlackElo "1793"]
[PlyCount "93"]
[EventDate "2020.04.16"]
[WhiteTeam "Cambridge Chess & Go A"]
[BlackTeam "TSK Tigers A"]

1. d4 Nf6 2. c4 e5 3. dxe5 Ng4 4. Bf4 Nc6 5. Nf3 Bb4+ 6. Nbd2 Qe7 7. e3 Ngxe5
8. Nxe5 Nxe5 9. Be2 O-O 10. O-O d6 11. Nb3 Re8 12. a3 Bc5 13. Nxc5 dxc5 14. Qd5
c6 15. Qxe5 Qxe5 16. Bxe5 Rxe5 17. Rfd1 Bf5 18. Rd2 Ree8 19. g4 Be6 20. Rad1
Kf8 21. h4 Ke7 22. f4 Rad8 23. Rxd8 Rxd8 24. Rxd8 Kxd8 25. f5 Bc8 26. Kf2 Ke7
27. Kg3 Kd6 28. Kf4 f6 29. g5 b5 30. b3 b4 31. a4 Bd7 32. Bh5 Ke7 33. e4 Kd6
34. Bf7 a5 35. Bg8 h6 36. gxh6 gxh6 37. Bf7 Ke7 38. Bg6 Kd6 39. Kg4 Ke5 40. Kh5
Kd4 41. Kxh6 Kc3 42. Kg7 Kxb3 43. Kxf6 Kxa4 44. Ke7 b3 45. f6 b2 46. e5 b1=Q
47. Bxb1 1-0

[Event "Junior Online 4NCL Division 2"]
[Site "online"]
[Date "2020.04.16"]
[Round "1.86"]
[White "Wu, Yuxuan"]
[Black "Linton, Alexander"]
[Result "1-0"]
[WhiteElo "1523"]
[BlackElo "1607"]
[PlyCount "163"]
[EventDate "2020.04.16"]
[WhiteTeam "TSK Tigers A"]
[BlackTeam "Cambridge Chess & Go A"]

1. c4 e5 2. Nc3 Nf6 3. Nf3 d5 4. Nxe5 d4 5. Nb5 a6 6. Na3 Bd6 7. Nf3 O-O 8. d3
Re8 9. g3 Nc6 10. Bg2 Bf5 11. O-O Qd7 12. Nc2 Bh3 13. Ncxd4 Nxd4 14. Nxd4 Bxg2
15. Kxg2 Bxg3 16. hxg3 Qxd4 17. Bg5 h6 18. Bxf6 Qxf6 19. d4 Rad8 20. e3 c5 21.
d5 b5 22. b3 Qe5 23. Qc2 g6 24. Rac1 b4 25. Rfd1 a5 26. Qe2 Qe4+ 27. Qf3 Qxf3+
28. Kxf3 Kg7 29. e4 f6 30. Rc2 g5 31. g4 Kg6 32. Rcd2 Rd6 33. Kg3 Rxe4 34. Kf3
Rf4+ 35. Kg3 Kf7 36. Re1 f5 37. f3 fxg4 38. fxg4 Kf8 39. Rh2 Rd4 40. Rf2+ Kg7
41. Re7+ Kg6 42. Re3 Rf6 43. Rxf6+ Kxf6 44. Re6+ Kf7 45. Re2 Rd3+ 46. Kg2 Rd4
47. Kf3 Rf4+ 48. Kg3 Rf6 49. Rf2 Rxf2 50. Kxf2 Ke7 51. Ke3 Kf6 52. Ke4 Ke7 53.
Kf5 Kf7 54. d6 Ke8 55. Kg6 Kd7 56. Kxh6 Kxd6 57. Kxg5 Ke7 58. Kg6 Ke6 59. g5
Ke5 60. Kf7 Kd4 61. g6 Kc3 62. g7 Kb2 63. g8=Q Kxa2 64. Qg3 Kb2 65. Ke6 a4 66.
bxa4 b3 67. Qxb3+ Kxb3 68. a5 Kxc4 69. a6 Kb3 70. a7 c4 71. a8=Q c3 72. Qb7+
Ka2 73. Qd5+ Kb2 74. Qb5+ Ka2 75. Qc4+ Kb2 76. Qb4+ Ka2 77. Qxc3 Kb1 78. Kd5
Ka2 79. Qb4 Ka1 80. Kc4 Ka2 81. Kc3 Ka1 82. Qb2# 1-0

[Event "Junior Online 4NCL Division 2"]
[Site "online"]
[Date "2020.04.16"]
[Round "1.87"]
[White "Volovich, Andrew"]
[Black "Swamy, Anshul"]
[Result "1-0"]
[WhiteElo "1480"]
[BlackElo "1472"]
[PlyCount "121"]
[EventDate "2020.04.16"]
[WhiteTeam "Cambridge Chess & Go A"]
[BlackTeam "TSK Tigers A"]

1. e4 d5 2. exd5 Nf6 3. Nc3 Nxd5 4. Nxd5 Qxd5 5. Qf3 Qxf3 6. Nxf3 Nc6 7. Bc4 e5
8. Ng5 Nd4 9. Nxf7 Nxc2+ 10. Kd1 Nxa1 11. Nxh8 Bf5 12. d3 Bg6 13. Nxg6 hxg6 14.
Bg5 Bc5 15. f3 Bd4 16. Bc1 O-O-O 17. Be6+ Kb8 18. a3 Rd6 19. Bc4 Rb6 20. b4 c5
21. b5 a6 22. a4 axb5 23. Bxb5 Nb3 24. Ba3 Na5 25. Kc2 Nc6 26. Rb1 Na7 27. Bc4
Rxb1 28. Kxb1 Nc6 29. Bf7 g5 30. Bc1 Nb4 31. Bc4 Bg1 32. h3 Kc7 33. Bxg5 Kb6
34. Bd8+ Kc6 35. Bb5+ Kd5 36. Kc1 Kd4 37. Kd2 Be3+ 38. Ke2 Na2 39. Ba5 Nc1+ 40.
Kd1 Nxd3 41. Bd2 Bxd2 42. Kxd2 c4 43. a5 c3+ 44. Kc2 Ne1+ 45. Kd1 Nxg2 46. Be2
Ne3+ 47. Kc1 c2 48. Kd2 g5 49. a6 bxa6 50. Bxa6 e4 51. fxe4 Kxe4 52. Bc8 Nf1+
53. Kxc2 Kf3 54. Kd3 Kg3 55. Ke2 Nh2 56. Bd7 g4 57. Be6 gxh3 58. Bf5 Ng4 59.
Be4 h2 60. Kf1 h1=Q+ 61. Bxh1 1-0

[Event "Junior Online 4NCL Division 2"]
[Site "online"]
[Date "2020.04.16"]
[Round "1.88"]
[White "Bagga, Khushi"]
[Black "Yuan, Derek"]
[Result "0-1"]
[WhiteElo "1059"]
[BlackElo "1360"]
[PlyCount "120"]
[EventDate "2020.04.16"]
[WhiteTeam "TSK Tigers A"]
[BlackTeam "Cambridge Chess & Go A"]

1. e4 e5 2. Nf3 Nc6 3. Nc3 Nf6 4. d4 exd4 5. Nxd4 Bc5 6. Nxc6 bxc6 7. Bd3 O-O
8. O-O d5 9. exd5 cxd5 10. Bg5 c6 11. Qf3 Be7 12. h3 h6 13. Bh4 Bd6 14. Bxf6
Qxf6 15. Qxf6 gxf6 16. Rfe1 Rb8 17. b3 Bb4 18. Re3 Bxc3 19. Rb1 Be5 20. c4 Be6
21. Rc1 Bf4 22. Rxe6 fxe6 23. Re1 Kf7 24. Re2 e5 25. cxd5 cxd5 26. Bf5 h5 27.
g3 Bh6 28. Rc2 Rb7 29. Bc8 Rb8 30. Bf5 e4 31. Rc7+ Ke8 32. Bg6+ Kd8 33. Rxa7
Rg8 34. Bf5 Rg7 35. Ra6 Rbb7 36. Rd6+ Ke8 37. Rxd5 Rg5 38. h4 Rgg7 39. Bxe4
Rbe7 40. Bf5 Re1+ 41. Kg2 Rge7 42. Bg6+ Kf8 43. Bxh5 R7e5 44. Rd8+ Ke7 45. Rb8
Rxh5 46. Rb7+ Ke6 47. Rb6+ Kf7 48. Rb7+ Kg6 49. a4 Rb1 50. a5 Rxa5 51. b4 Ra4
52. b5 Rab4 53. Rb8 Rxb5 54. Rg8+ Bg7 55. h5+ Rxh5 56. Rd8 Rb2 57. Rd6 Rf5 58.
Kh3 Rbxf2 59. Rd3 Rh5+ 60. Kg4 f5# 0-1

[Event "Junior Online 4NCL Division 2"]
[Site "online"]
[Date "2020.04.23"]
[Round "2.11"]
[White "Volovich, Julia"]
[Black "Shek, Daniel"]
[Result "1-0"]
[WhiteElo "1892"]
[BlackElo "1727"]
[PlyCount "55"]
[EventDate "2020.04.23"]
[WhiteTeam "Cambridge Chess & Go A"]
[BlackTeam "Marshall Artists"]

1. d4 Nf6 2. c4 g6 3. Nc3 d5 4. Bg5 Ne4 5. Bh4 Nxc3 6. bxc3 Bg7 7. e3 c6 8. Nf3
Bg4 9. Rb1 b6 10. cxd5 Qxd5 11. Be2 Qxa2 12. O-O Nd7 13. Ra1 Qd5 14. h3 Be6 15.
c4 Qd6 16. Bg3 Qb4 17. Qc2 Nf6 18. Rfb1 Bf5 19. Qxf5 gxf5 20. Rxb4 Ne4 21. Bf4
c5 22. Rxb6 cxd4 23. exd4 Rd8 24. Rxa7 Bxd4 25. Nxd4 Rxd4 26. Ra8+ Rd8 27.
Rxd8+ Kxd8 28. Rb8+ 1-0

[Event "Junior Online 4NCL Division 2"]
[Site "online"]
[Date "2020.04.23"]
[Round "2.12"]
[White "Deacon, Matthew"]
[Black "Linton, Alexander"]
[Result "0-1"]
[WhiteElo "1660"]
[BlackElo "1607"]
[PlyCount "150"]
[EventDate "2020.04.23"]
[WhiteTeam "Marshall Artists"]
[BlackTeam "Cambridge Chess & Go A"]

1. d4 d5 2. c4 c6 3. Nf3 Nf6 4. e3 Bg4 5. h3 Bh5 6. Be2 e6 7. O-O Nbd7 8. Nc3
Be7 9. Bd2 h6 10. Rc1 g5 11. g4 Bg6 12. cxd5 exd5 13. Ne5 Nxe5 14. dxe5 Ne4 15.
Nxe4 Bxe4 16. Bf3 Bxf3 17. Qxf3 Qc7 18. Bc3 Rf8 19. Bd4 a6 20. Qxd5 cxd5 21.
Rxc7 Rb8 22. Rfc1 Bd8 23. Rc8 Rxc8 24. Rxc8 Kd7 25. Rc5 Ke6 26. Kg2 Bb6 27. Rc3
Bxd4 28. exd4 f6 29. Re3 Kd7 30. Rb3 b5 31. Ra3 fxe5 32. dxe5 Ra8 33. b4 Ke6
34. Re3 d4 35. Re4 Rd8 36. f3 d3 37. Kf2 d2 38. f4 d1=Q 39. f5+ Kf7 40. e6+ Kf8
41. e7+ Ke8 42. exd8=Q+ Kxd8 43. Ke3 Qc1+ 44. Kd4 Qd2+ 45. Ke5 Qc3+ 46. Kd5
Qxh3 47. f6 Qd3+ 48. Ke5 Qc3+ 49. Kf5 Qc8+ 50. Kg6 Qc6 51. Kf5 Qc2 52. f7 Qc8+
53. Re6 Kd7 54. Re5 Qf8 55. Kf6 Qd6+ 56. Kf5 Qf8 57. Kf6 Qh8+ 58. Kf5 Kd6 59.
Re6+ Kd5 60. Rf6 Qh7+ 61. Rg6 Qxf7+ 62. Rf6 Qd7+ 63. Kg6 Qxg4 64. Rxa6 Qxb4 65.
Kxh6 g4 66. Ra8 g3 67. Rd8+ Kc6 68. Rc8+ Kb7 69. Rg8 Qd2+ 70. Kh7 g2 71. Rg7+
Ka6 72. a4 bxa4 73. Rg6+ Kb5 74. Rg8 Qf2 75. Rb8+ Qb6 0-1

[Event "Junior Online 4NCL Division 2"]
[Site "online"]
[Date "2020.04.23"]
[Round "2.13"]
[White "Volovich, Andrew"]
[Black "Deacon, Nicholas"]
[Result "1-0"]
[WhiteElo "1480"]
[BlackElo "1412"]
[PlyCount "139"]
[EventDate "2020.04.23"]
[WhiteTeam "Cambridge Chess & Go A"]
[BlackTeam "Marshall Artists"]

1. e4 c5 2. Nf3 g6 3. d4 cxd4 4. Nxd4 Bg7 5. Be3 Nc6 6. Nc3 d6 7. Bb5 Bd7 8.
Qd2 Nf6 9. f3 O-O 10. O-O-O Rc8 11. a3 a6 12. Bd3 Ne5 13. Be2 Nc4 14. Bxc4 Rxc4
15. Qd3 Qc7 16. Bd2 b5 17. b3 Rc5 18. Kb2 Rc8 19. Rc1 d5 20. Rhd1 dxe4 21. fxe4
Qxh2 22. Rg1 Bh6 23. Rh1 Qxg2 24. Bxh6 e5 25. Nf3 Rxc3 26. Qd1 Rxf3 27. Rg1 Qf2
28. Rf1 Rxc2+ 29. Qxc2 Qxf1 30. Rxf1 Rxf1 31. Qe2 Rh1 32. Bg5 Nh5 33. Qg2 Re1
34. Bd2 Rd1 35. Kc2 Ra1 36. Kb2 Rd1 37. Bh6 Nf4 38. Qg5 Rd2+ 39. Kc3 Rd3+ 40.
Kb4 Rd4+ 41. Ka5 Ne6 42. Qc1 Rxe4 43. Qc2 Rh4 44. Bd2 Rh2 45. Qd3 Bc6 46. Qd6
Nd4 47. Bb4 Nxb3+ 48. Kb6 Kg7 49. Qxe5+ f6 50. Qxh2 a5 51. Bxa5 Nxa5 52. Kxa5
h5 53. Qc7+ Kh6 54. Qxc6 f5 55. Qxb5 Kg5 56. Kb6 Kg4 57. a4 f4 58. Qc4 h4 59.
a5 h3 60. a6 h2 61. Qf1 Kg3 62. a7 f3 63. a8=Q f2 64. Qag2+ Kf4 65. Qfxf2+ Ke5
66. Qe3+ Kf6 67. Qgg5+ Kf7 68. Qge7+ Kg8 69. Qd3 Kh8 70. Qdd8# 1-0

[Event "Junior Online 4NCL Division 2"]
[Site "online"]
[Date "2020.04.23"]
[Round "2.14"]
[White "Blin, Henri"]
[Black "Xu, Jiarui"]
[Result "1-0"]
[WhiteElo "1232"]
[BlackElo "1420"]
[PlyCount "77"]
[EventDate "2020.04.23"]
[WhiteTeam "Marshall Artists"]
[BlackTeam "Cambridge Chess & Go A"]

1. e4 e5 2. Nf3 Nc6 3. d4 exd4 4. Nxd4 Nf6 5. Nxc6 bxc6 6. Nc3 d5 7. exd5 cxd5
8. g3 Be7 9. Bg2 Be6 10. Bf4 Bb4 11. Qd3 O-O 12. a3 Ba5 13. Bg5 Rb8 14. b4 Re8
15. O-O Bb6 16. Bxf6 Qxf6 17. Nxd5 Bxd5 18. Qxd5 Re2 19. Rad1 Bxf2+ 20. Kh1 h6
21. Be4 g6 22. Qd3 Re3 23. Qxe3 Bxe3 24. Rxf6 Re8 25. Bd5 Kg7 26. Rxf7+ Kh8 27.
Re1 Kg8 28. Re7+ Kf8 29. R7xe3 Rxe3 30. Rxe3 h5 31. c4 g5 32. b5 c6 33. bxc6
Kg7 34. c7 Kf6 35. c8=Q Kg7 36. Qc6 Kf8 37. Qe8+ Kg7 38. Qf7+ Kh6 39. Re6# 1-0

[Event "Junior Online 4NCL Division 2"]
[Site "online"]
[Date "2020.04.23"]
[Round "2.15"]
[White "Shek, Daniel"]
[Black "Volovich, Julia"]
[Result "0-1"]
[WhiteElo "1727"]
[BlackElo "1892"]
[PlyCount "114"]
[EventDate "2020.04.23"]
[WhiteTeam "Marshall Artists"]
[BlackTeam "Cambridge Chess & Go A"]

1. d4 Nf6 2. c4 g6 3. Nc3 d5 4. cxd5 Nxd5 5. e4 Nxc3 6. bxc3 Bg7 7. Be3 c5 8.
Nf3 Qa5 9. Qd2 Nc6 10. e5 cxd4 11. cxd4 Qxd2+ 12. Nxd2 Be6 13. Bb5 Bd5 14. f3
O-O 15. Bxc6 bxc6 16. Rc1 Bxa2 17. Rxc6 Bd5 18. Ra6 Rfc8 19. Kf2 Rc6 20. Ra5 e6
21. Rha1 a6 22. Ke2 Bf8 23. Kd3 Bb4 24. R5a4 Rc3+ 25. Ke2 a5 26. Ne4 Rc2+ 27.
Nd2 Bc6 28. R4a2 Rxa2 29. Rxa2 a4 30. Nc4 Bb5 31. Kd3 Rc8 32. Rc2 a3 33. Bc1 a2
34. Bb2 Kf8 35. Ba1 Kg7 36. f4 h5 37. h4 Be1 38. Ke2 Bxh4 39. Kd3 Be7 40. Bb2
Bh4 41. Ba1 Bg3 42. Bb2 Bxf4 43. Ke4 Bg5 44. Na3 Rxc2 45. Nxc2 Bc4 46. Nb4 Be7
47. Nc2 Bd5+ 48. Ke3 Bxg2 49. Kf4 Bd5 50. Ke3 g5 51. Kf2 g4 52. Kg3 Bf3 53. Ne3
h4+ 54. Kf2 h3 55. Kg1 g3 56. Ba1 h2+ 57. Kf1 h1=Q# 0-1

[Event "Junior Online 4NCL Division 2"]
[Site "online"]
[Date "2020.04.23"]
[Round "2.16"]
[White "Linton, Alexander"]
[Black "Deacon, Matthew"]
[Result "1-0"]
[WhiteElo "1607"]
[BlackElo "1660"]
[PlyCount "45"]
[EventDate "2020.04.23"]
[WhiteTeam "Cambridge Chess & Go A"]
[BlackTeam "Marshall Artists"]

1. e4 c5 2. Nf3 g6 3. d4 cxd4 4. Nxd4 Nc6 5. Nc3 Bg7 6. Be3 Nf6 7. f3 Qb6 8.
Ndb5 Qxe3+ 9. Be2 Qb6 10. Na4 Qa5+ 11. c3 O-O 12. b4 Qd8 13. h4 h5 14. g4 a6
15. Na3 b5 16. Nc5 d6 17. Nd3 Nd7 18. gxh5 gxh5 19. Rg1 Kh8 20. Qd2 Qc7 21. Qg5
Bxc3+ 22. Kd1 Nf6 23. Qg7# 1-0

[Event "Junior Online 4NCL Division 2"]
[Site "online"]
[Date "2020.04.23"]
[Round "2.17"]
[White "Deacon, Nicholas"]
[Black "Volovich, Andrew"]
[Result "0-1"]
[WhiteElo "1412"]
[BlackElo "1480"]
[PlyCount "80"]
[EventDate "2020.04.23"]
[WhiteTeam "Marshall Artists"]
[BlackTeam "Cambridge Chess & Go A"]

1. d4 d5 2. c4 e6 3. Nc3 Nf6 4. Bg5 Be7 5. e3 O-O 6. Nf3 b6 7. cxd5 Nxd5 8.
Bxe7 Nxc3 9. Bxd8 Nxd1 10. Bxc7 Nxb2 11. Bxb8 Rxb8 12. Bb5 a6 13. Be2 Na4 14.
O-O Nc3 15. Bd3 Bb7 16. Rfc1 Nd5 17. Rab1 b5 18. e4 Nf4 19. Bf1 Bxe4 20. Rb4
Bd3 21. Bxd3 Nxd3 22. Rcb1 Nxb4 23. Rxb4 Rfc8 24. h3 Rc2 25. a4 Rc4 26. Rxc4
bxc4 27. Nd2 Rb4 28. a5 c3 29. Ne4 Rxd4 30. Nxc3 Rc4 31. Ne2 Ra4 32. g4 Rxa5
33. f4 Ra1+ 34. Kf2 Ra2 35. Kf3 a5 36. h4 a4 37. Nc3 Ra3 38. Ke4 Rxc3 39. f5
exf5+ 40. Kxf5 a3 0-1

[Event "Junior Online 4NCL Division 2"]
[Site "online"]
[Date "2020.04.23"]
[Round "2.18"]
[White "Xu, Jiarui"]
[Black "Blin, Henri"]
[Result "1/2-1/2"]
[WhiteElo "1420"]
[BlackElo "1232"]
[PlyCount "172"]
[EventDate "2020.04.23"]
[WhiteTeam "Cambridge Chess & Go A"]
[BlackTeam "Marshall Artists"]

1. e4 e5 2. Nf3 Nc6 3. Bc4 Bc5 4. d3 Nf6 5. Ng5 O-O 6. Nxf7 Rxf7 7. Bxf7+ Kxf7
8. O-O d6 9. Nc3 Bg4 10. Qd2 Nd4 11. h3 Bxh3 12. Kh2 Be6 13. Ne2 Nxe2 14. Qxe2
Bg4 15. f3 Be6 16. Be3 Bxe3 17. Qxe3 Nh5 18. a3 Qh4+ 19. Kg1 Ng3 20. Rfe1 Qh1+
21. Kf2 Qh4 22. Kg1 Nh5 23. b4 Qg3 24. Kf1 Nf4 25. Qf2 Qh2 26. Rad1 Qh1+ 27.
Qg1 Qh4 28. Qf2 Qxf2+ 29. Kxf2 Kg6 30. Rh1 Rf8 31. g3 Nh5 32. Rh2 Bg4 33. Rdh1
Rxf3+ 34. Kg2 Re3 35. Rh4 Nf6 36. Kf2 Re2+ 37. Kf1 Rxc2 38. Ke1 Re2+ 39. Kf1
Ra2 40. Ke1 Rxa3 41. Rf1 Ra2 42. Rxf6+ Kxf6 43. Rxg4 Rb2 44. Rh4 h6 45. Rg4
Rxb4 46. Rh4 Rd4 47. Kd2 a5 48. Rh1 b5 49. Ra1 a4 50. Rb1 a3 51. Rxb5 Ra4 52.
Rb1 a2 53. Ra1 Ra3 54. Kc2 Kg5 55. Kb2 Ra8 56. Rxa2 Rxa2+ 57. Kxa2 Kg4 58. Kb2
Kxg3 59. Kc2 Kf4 60. Kd2 h5 61. Ke2 h4 62. Kf2 h3 63. Kg1 Kg3 64. Kh1 Kf3 65.
Kh2 Ke3 66. Kxh3 Kxd3 67. Kg2 Kxe4 68. Kf2 d5 69. Ke2 d4 70. Kd2 g5 71. Ke2 g4
72. Kf2 d3 73. Ke1 Ke3 74. Kf1 d2 75. Kg2 d1=Q 76. Kg3 Qf1 77. Kxg4 Ke4 78. Kg3
c5 79. Kh2 Qf8 80. Kg3 c4 81. Kg2 c3 82. Kg3 c2 83. Kg2 c1=R 84. Kg3 Rg1+ 85.
Kh2 Qf2+ 86. Kh3 Rg2 1/2-1/2

[Event "Junior Online 4NCL Division 2"]
[Site "online"]
[Date "2020.04.23"]
[Round "2.21"]
[White "Carter, Thomas"]
[Black "Moore, Eoin"]
[Result "0-1"]
[WhiteElo "1592"]
[BlackElo "1735"]
[PlyCount "142"]
[EventDate "2020.04.23"]
[WhiteTeam "Downend Upstarts"]
[BlackTeam "KJCA Young Kestrels B"]

1. d4 Nf6 2. Bf4 g6 3. Nf3 Bg7 4. Nbd2 d5 5. c3 O-O 6. e3 c5 7. Bd3 Nc6 8. O-O
Bg4 9. h3 Bxf3 10. Nxf3 cxd4 11. exd4 e6 12. Re1 a6 13. Ne5 Nh5 14. Nxc6 bxc6
15. Be5 Qb6 16. Rb1 c5 17. Be2 Bxe5 18. dxe5 Nf4 19. Bf3 c4 20. Qd2 Nd3 21. Re2
Rab8 22. b3 Qc7 23. Qe3 Nc5 24. b4 Nd3 25. h4 a5 26. a3 axb4 27. axb4 Ra8 28.
h5 Ra3 29. Rc2 Qxe5 30. Qxe5 Nxe5 31. Be2 Nd7 32. Rbb2 Rfa8 33. hxg6 hxg6 34.
b5 Nb6 35. g3 Rb3 36. Kg2 Raa3 37. Bd1 Rxc3 38. Rxc3 Rxc3 39. Ra2 Rc1 40. Be2
Rb1 41. Ra5 Rb2 42. Kf1 d4 43. Bf3 d3 44. Bc6 c3 45. Ra6 c2 46. Rxb6 c1=Q+ 47.
Kg2 Qd2 48. Rb8+ Kg7 49. b6 Qxf2+ 50. Kh3 Qf5+ 51. g4 Qf1+ 52. Kg3 Qe1+ 53. Kf4
Qf2+ 54. Ke5 Qg3+ 55. Kd4 Qxb8 56. b7 Rxb7 57. Bxb7 Qxb7 58. Kxd3 Kf6 59. g5+
Kxg5 60. Kd4 Qd5+ 61. Ke3 Qf5 62. Kd4 Qf4+ 63. Kc5 Qd2 64. Kc4 f5 65. Kc5 f4
66. Kc4 f3 67. Kc5 f2 68. Kc4 f1=Q+ 69. Kc5 Qfc1+ 70. Kb5 Qdb2+ 71. Ka4 Qca1#
0-1

[Event "Junior Online 4NCL Division 2"]
[Site "online"]
[Date "2020.04.23"]
[Round "2.22"]
[White "Ratnesan, Radha"]
[Black "Ahmed, Bilal"]
[Result "0-1"]
[WhiteElo "1697"]
[BlackElo "1570"]
[PlyCount "154"]
[EventDate "2020.04.23"]
[WhiteTeam "KJCA Young Kestrels B"]
[BlackTeam "Downend Upstarts"]

1. d4 Nf6 2. c4 g6 3. Nc3 Bg7 4. e4 d6 5. Bd3 O-O 6. Nge2 e5 7. d5 a5 8. O-O
Na6 9. Bg5 Nc5 10. Bc2 h6 11. Be3 Ne8 12. Qd2 Kh7 13. Bxc5 dxc5 14. f4 Nd6 15.
b3 f5 16. exf5 Nxf5 17. Ne4 exf4 18. Nxf4 Bxa1 19. Rxa1 Nd4 20. Bd3 b6 21. Ng3
Nf5 22. Nxf5 Bxf5 23. Bxf5 Rxf5 24. Ne6 Qf6 25. Re1 Re8 26. Nxc7 Rxe1+ 27. Qxe1
Qd4+ 28. Kh1 Qf2 29. Qxf2 Rxf2 30. Kg1 Rxa2 31. d6 Rd2 32. Nb5 Kg7 33. Kf1 Kf6
34. h3 Ke6 35. Nc3 Rxd6 36. Ke2 Rd4 37. Nb5 Re4+ 38. Kd2 Re5 39. Nc7+ Kd7 40.
Nd5 Rg5 41. g4 Kc6 42. Ne7+ Kd6 43. Nd5 Rxd5+ 44. cxd5 Kxd5 45. Kd3 b5 46. h4
a4 47. bxa4 bxa4 48. Kc3 a3 49. Kb3 a2 50. Kxa2 Ke4 51. g5 h5 52. Kb3 Kf4 53.
Kc4 Kg4 54. Kxc5 Kxh4 55. Kd4 Kxg5 56. Ke3 Kf5 57. Kf3 g5 58. Kg3 g4 59. Kg2
Kf4 60. Kh2 h4 61. Kg2 g3 62. Kh3 Kg5 63. Kg2 Kg4 64. Kg1 h3 65. Kh1 h2 66. Kg2
Kf4 67. Kh1 Kg4 68. Kg2 h1=Q+ 69. Kxh1 Kf3 70. Kg1 g2 71. Kh2 Kf2 72. Kh3 g1=Q
73. Kh4 Kf3 74. Kh5 Kf4 75. Kh6 Kf5 76. Kh7 Kf6 77. Kh8 Qg7# 0-1

[Event "Junior Online 4NCL Division 2"]
[Site "online"]
[Date "2020.04.23"]
[Round "2.23"]
[White "Goodhew, Finn"]
[Black "Brightley-Davies, Ciaran"]
[Result "1-0"]
[WhiteElo "1562"]
[BlackElo "1637"]
[PlyCount "139"]
[EventDate "2020.04.23"]
[WhiteTeam "Downend Upstarts"]
[BlackTeam "KJCA Young Kestrels B"]

1. d4 e6 2. c4 Nf6 3. Nc3 Bb4 4. e3 b6 5. Nf3 Ne4 6. Qc2 Bb7 7. Be2 O-O 8. a3
Bxc3+ 9. bxc3 d6 10. O-O Nd7 11. Re1 f5 12. Nd2 Ndf6 13. Nxe4 Nxe4 14. Bb2 Rf6
15. Bf3 Rg6 16. Rad1 Qh4 17. d5 e5 18. g3 Nf6 19. Qxf5 Qxc4 20. Be2 Qb3 21. Rd2
Bxd5 22. Qc2 Ne4 23. Qxb3 Bxb3 24. Bf3 Nxd2 25. Bxa8 d5 26. Kg2 Rd6 27. f3 Nc4
28. Bc1 Ba4 29. e4 d4 30. Bd5+ Kf8 31. Bxc4 dxc3 32. Re3 c2 33. Rc3 Rd1 34. Be3
b5 35. Bd3 c1=Q 36. Bxc1 Ke8 37. Be3 Kd7 38. Bxa7 Kd6 39. Bc5+ Kc6 40. Bf8+ Kb6
41. Bxg7 c5 42. Bxe5 c4 43. Bf1 Rb1 44. f4 Rb3 45. f5 Kc6 46. f6 Kd7 47. Rxb3
Bxb3 48. Bb2 Ke6 49. Be2 Kf7 50. Bh5+ Kf8 51. e5 Bc2 52. e6 Bg6 53. Bxg6 hxg6
54. Kf2 Ke8 55. Ke3 Kd8 56. Kd4 Ke8 57. Kc5 b4 58. axb4 c3 59. Bxc3 g5 60. Kd6
g4 61. e7 Kf7 62. Kd7 Kg6 63. e8=Q+ Kh6 64. Bd2+ Kh7 65. Qh5+ Kg8 66. Qg6+ Kh8
67. Qg5 Kh7 68. Ke7 Kh8 69. Kf7 Kh7 70. Qg7# 1-0

[Event "Junior Online 4NCL Division 2"]
[Site "online"]
[Date "2020.04.23"]
[Round "2.24"]
[White "Mehta, Shaurya"]
[Black "Mullaney, William"]
[Result "0-1"]
[WhiteElo "1615"]
[BlackElo "1600"]
[PlyCount "120"]
[EventDate "2020.04.23"]
[WhiteTeam "KJCA Young Kestrels B"]
[BlackTeam "Downend Upstarts"]

1. e4 c5 2. Nf3 g6 3. Bc4 Nc6 4. Nc3 Bg7 5. d3 Nf6 6. h3 d6 7. O-O O-O 8. Bd2
e6 9. Rb1 a6 10. a4 Qc7 11. Bf4 Nd7 12. Qd2 Nde5 13. Nxe5 Nxe5 14. Bxe5 Bxe5
15. f4 Bd4+ 16. Kh1 Bd7 17. Bb3 b5 18. axb5 axb5 19. Ne2 Bg7 20. c4 Qa5 21.
Qxa5 Rxa5 22. Ng3 bxc4 23. Bxc4 Bc6 24. f5 Be5 25. fxe6 Bxg3 26. e7 Rfa8 27.
Rxf7 d5 28. Rf3 dxc4 29. Rxg3 cxd3 30. Rxd3 Kf7 31. Re1 Kxe7 32. e5 Ra1 33.
Rxa1 Rxa1+ 34. Kh2 Re1 35. Rd6 Ba8 36. Ra6 Bd5 37. Ra7+ Ke6 38. Rxh7 Kxe5 39.
Rh8 Kd4 40. Rd8 Re2 41. Kg3 Rxg2+ 42. Kh4 Rxb2 43. Kg5 Rg2+ 44. Kf6 Rg3 45. h4
Rg4 46. Rd6 c4 47. Ra6 c3 48. Ra4+ Bc4 49. Ra1 Rg2 50. Rd1+ Rd2 51. Rg1 c2 52.
Rg4+ Kc3 53. Rg1 Rd1 54. Rg3+ Kb2 55. Rg2 Kb1 56. Rxg6 c1=Q 57. h5 Qf4+ 58. Kg7
Rd7+ 59. Kh8 Qf8+ 60. Rg8 Qxg8# 0-1